Nghệ thuật chơi chữ trong ca dao người Việt
Sách gồm bốn phần: Những vấn đề chung, các hình thức chơi chữ trong ca dao, so sánh về nghệ thuật chơi chữ trong ca dao và trong văn chương bác học, về phong cách ca dao địa phương qua chơi chữ. Phần kết luận đánh giá nghệ thuật chơi chữ tr...
Gespeichert in:
| 1. Verfasser: | |
|---|---|
| Format: | Buch |
| Sprache: | Undetermined |
| Veröffentlicht: |
Huế
Thuận Hóa
2000
|
| Schlagworte: | |
| Tags: |
Tag hinzufügen
Keine Tags, Fügen Sie den ersten Tag hinzu!
|
| Thư viện lưu trữ: | Trung tâm Học liệu Trường Đại học Cần Thơ |
|---|
| LEADER | 00980nam a2200229Ia 4500 | ||
|---|---|---|---|
| 001 | CTU_42678 | ||
| 008 | 210402s9999 xx 000 0 und d | ||
| 020 | |b 17.500đ | ||
| 020 | |c 16000 | ||
| 082 | |a 808.1 | ||
| 082 | |b Tr309 | ||
| 100 | |a Triều Nguyên | ||
| 245 | 0 | |a Nghệ thuật chơi chữ trong ca dao người Việt | |
| 245 | 0 | |c Triều Nguyên | |
| 260 | |a Huế | ||
| 260 | |b Thuận Hóa | ||
| 260 | |c 2000 | ||
| 520 | |a Sách gồm bốn phần: Những vấn đề chung, các hình thức chơi chữ trong ca dao, so sánh về nghệ thuật chơi chữ trong ca dao và trong văn chương bác học, về phong cách ca dao địa phương qua chơi chữ. Phần kết luận đánh giá nghệ thuật chơi chữ trong ca dao. | ||
| 650 | |a Vietnamese language | ||
| 650 | |x Rhetorics | ||
| 904 | |i Minh | ||
| 980 | |a Trung tâm Học liệu Trường Đại học Cần Thơ | ||